000 02040nam a2200589 i 4500
001 56473
003 KOSZ 005
005 20191002144037.0
008 080519s2007 pl a f f |001 0 pol
015 _aPB 2011/15518
020 _a9788324606825
035 _a991042060999705066
035 _a(PL-WaBN)b21260746-48omnis_nlop
035 _ab21260746
035 _a(OCoLC)749640668
035 _a(PL)b0000002126074
035 _a(EXLNZ-48OMNIS_NETWORK)9910130478005606
040 _aWA N
_cWA N
_dKOSZ 005/HR
041 1 _apol
_heng
046 _k2007
080 _a(07)
080 _a004.4.057
080 _a004.42
080 _a004.438
100 1 _aHemrajani, Anil
_eAutor
245 1 0 _aJava :
_btworzenie aplikacji sieciowych za pomocą Springa, Hibernate i Eclipse /
_cAnil Hemrajani ; [tł. Konrad Rymczak, Ewa Bucka].
246 1 _iTyt. oryg.:
_aAgile Java development with Spring, Hibernate and Eclipse
260 _aGliwice :
_bWydawnictwo Helion,
_ccop. 2007.
300 _a351 s. :
_bil. ;
_c23 cm.
336 _2rdacontent
_aTekst
_btxt
337 _2rdamedia
_aBez urządzenia pośredniczącego
_bn
338 _2rdacarrier
_aWolumin
_bnc
380 _aKsiążki
380 _aPublikacje fachowe
388 _a2001-
504 _aIndeks.
650 7 _aEclipse (program komputerowy)
_2DBN
650 7 _aHibernate
_2DBN
650 7 _aJava (język programowania)
_2DBN
650 7 _aProgramowanie zwinne
_2DBN
650 7 _aSpring (informatyka)
_2DBN
650 7 _aZintegrowane środowiska programistyczne
_2DBN
650 2 _aJęzyki programowania
655 7 _aPodręcznik
_2DBN
658 _aInformatyka i technologie informacyjne
700 1 _aBucka, Ewa
_eTłumaczenie
700 1 _aRymczak, Konrad
_eTłumaczenie
710 2 _aHelion
_4pbl
856 _uhttp://koha.tu.koszalin.pl/cgi-bin/koha/opac-detail.pl?biblionumber=56473
_yKatalog online BPK
942 _2UKD
_cKS
999 _c56473
_d56473